Countries with Highest Life Expectancy - Statistics

General Stats
  • This quiz has been taken 25 times
  • The average score is 9 of 15
Answer Stats
Life Expectancy Answer % Correct
85.52 years Japan
100%
82.02 years Canada
71%
81.76 years Sweden
71%
81.86 years France
67%
81.83 years Spain
67%
82.38 years Australia
62%
81.61 years Iceland
57%
82.35 years Italy
57%
81.52 years Netherlands
57%
89.37 years Monaco
52%
83.39 years San Marino
52%
82.91 years Andorra
48%
81.66 years Israel
38%
82.01 years Liechtenstein
33%
85.47 years Singapore
33%
No matching quizzes found
Score Distribution
Percent of People with Each Score
Percentile by Number Answered
Your Score History
You have not taken this quiz